Antropología de la memoria
Salvato in:
| Autore principale: | |
|---|---|
| Natura: | Libro |
| Lingua: | spagnolo |
| Pubblicazione: |
Buenos Aires
Nueva Visión
2006
|
| Edizione: | 1a. ed |
| Serie: | Claves
|
| Soggetti: | |
| Tags: |
Aggiungi Tag
Nessun Tag, puoi essere il primo ad aggiungerne!!
|
MARC
| LEADER | 00000nam a2200000 a 4500 | ||
|---|---|---|---|
| 001 | UCJ1122 | ||
| 003 | CL-VaPUC | ||
| 008 | 060929e20060000AG |||||||||||||||||spa|d | ||
| 020 | |a 9506024405 | ||
| 082 | 0 | 4 | |a 301 |b CAN |2 21 |
| 100 | 0 | |a Candau, Joël |e author |9 501663 | |
| 245 | 1 | 0 | |a Antropología de la memoria |
| 250 | |a 1a. ed | ||
| 300 | |a 125 p | ||
| 942 | |c BK | ||
| 945 | |d 20060929 00:00:00 |a jtorresc | ||
| 260 | |a Buenos Aires |b Nueva Visión |c 2006 | ||
| 650 | 0 | |a Antropología cultural y social |9 265143 | |
| 583 | |a last modification |c 20060929 00:00:00 |k Rodrigo Vera | ||
| 490 | 0 | |a Claves | |
| 999 | |c 317834 |d 317832 | ||
| 952 | |0 0 |1 0 |4 0 |6 301_000000000000000_CAN_2006 |7 0 |8 A |9 394813 |a BIBGIM |b BIBGIM |d 2019-11-22 |i 4282329 |o 301 CAN 2006 |p 4282329 |r 2025-01-15 |w 2019-11-22 |y BK |k SSL | ||